000 00545 a2200217 4500
005 20240520111707.0
008 240520b |||||||| |||| 00| 0 eng d
020 _a9780393892888
_c$ 85.00
040 _aMAIN
082 _a576
_bS54M(6)
100 _aSlonczewski, Joan L
245 _aMicrobiology: An evolving science
250 _a6th
260 _bW.W. Norton
_c2024
_aNew York
300 _axxxiv, 1266
650 _aMicrobiology
650 _aBiochemistry
700 _aFoster, John W
700 _aZinser, Erik R
942 _cBK
999 _c311243
_d311243